[Event "CHN Nat Games qual 15th"]
[Site "Huairou District"]
[Date "2025.06.13"]
[Round "8"]
[White "Li, Haoyu"]
[Black "Lu, Yifan"]
[Result "1-0"]
[WhiteElo "1979"]
[BlackElo "1765"]
[PlyCount "57"]
[EventDate "2025.06.11"]
[EventType "swiss (rapid)"]
[EventRounds "9"]
[EventCountry "CHN"]
[SourceTitle "CB25_2025"]
[SourceDate "2025.06.18"]
[SourceVersion "1"]
[SourceVersionDate "2025.06.18"]
[SourceQuality "1"]

1. e4 c5 2. Nf3 Nc6 3. c3 d5 4. exd5 Qxd5 5. d4 Nf6 6. Be2 e6 7. 0-0 Be7 8. Be3 cxd4 9. Nxd4 Nxd4 10. Bxd4 Bd7 11. Bf3 Qa5 12. Bxb7 Rb8 13. b4 Qc7 14. Bf3 e5 15. Be3 0-0 16. Nd2 Qxc3 17. Ne4 Qxb4 18. Nxf6+ Bxf6 19. Qxd7 e4 20. a3 Qa5 21. Bxe4 Bxa1 22. Rxa1 Qc3 23. Bd4 Qc4 24. Qf5 Rfc8 25. Qxh7+ Kf8 26. Qxg7+ Ke8 27. Re1 Kd8 28. Qf8+ Kc7 29. Qe7# 1-0

[Event "CHN-ch U14"]
[Site "Shanghai"]
[Date "2024.02.21"]
[Round "11"]
[White "Zhou, Yuxu"]
[Black "Lu, Yifan"]
[Result "1-0"]
[WhiteElo "1559"]
[BlackElo "1594"]
[PlyCount "85"]
[EventDate "2024.02.16"]
[EventType "swiss"]
[EventRounds "11"]
[EventCountry "CHN"]
[SourceTitle "CBM 218 Extra"]
[Source "ChessBase"]
[SourceDate "2024.03.31"]
[SourceVersion "1"]
[SourceVersionDate "2024.03.31"]
[SourceQuality "1"]

1. e4 c5 2. Nf3 Nc6 3. d4 cxd4 4. Nxd4 Nf6 5. Nc3 e5 6. Ndb5 d6 7. Nd5 Nxd5 8. exd5 Nb8 9. c4 a6 10. Qa4 Bd7 11. Qa3 Bxb5 12. cxb5 Be7 13. bxa6 bxa6 14. Bb5+ Kf8 15. 0-0 f5 16. Bd2 Kf7 17. Bd3 e4 18. Be2 Rf8 19. f3 exf3 20. Rxf3 Kg8 21. Ba5 Qe8 22. Re1 Nd7 23. Bd3 f4 24. Bb4 a5 25. Bc3 Qf7 26. Qb3 Bf6 27. Qc2 g6 28. Rxf4 Ne5 29. Kh1 Rac8 30. Qd1 Qg7 31. Bxa5 Nxd3 32. Qxd3 Bxb2 33. Rxf8+ Rxf8 34. Bb6 Ra8 35. Qb5 Be5 36. a4 Qh6 37. Bg1 Qh4 38. Rxe5 dxe5 39. d6 Qxa4 40. Qd5+ Kf8 41. d7 Rd8 42. Bc5+ Kg7 43. Qxe5+ 1-0

[Event "CHN-ch U14"]
[Site "Shanghai"]
[Date "2024.02.19"]
[Round "8"]
[White "Lu, Yifan"]
[Black "Ling, Guohan"]
[Result "1-0"]
[WhiteElo "1594"]
[BlackElo "1377"]
[PlyCount "81"]
[EventDate "2024.02.16"]
[EventType "swiss"]
[EventRounds "11"]
[EventCountry "CHN"]
[SourceTitle "CBM 218 Extra"]
[Source "ChessBase"]
[SourceDate "2024.03.31"]
[SourceVersion "1"]
[SourceVersionDate "2024.03.31"]
[SourceQuality "1"]

1. e4 c6 2. d4 d5 3. Nc3 dxe4 4. Nxe4 Bf5 5. Ng3 Bg6 6. h4 h6 7. Nf3 Nd7 8. h5 Bh7 9. Bd3 Bxd3 10. Qxd3 e6 11. Bd2 Ngf6 12. 0-0-0 Be7 13. Ne4 Nxe4 14. Qxe4 Nf6 15. Qe2 Qd5 16. c4 Qe4 17. Qxe4 Nxe4 18. Be3 0-0 19. Ne5 Rfd8 20. g4 Bf6 21. f3 Nd6 22. b3 c5 23. f4 cxd4 24. Rxd4 Rac8 25. Rhd1 Be7 26. Kb1 b6 27. Bc1 Nb7 28. Kc2 Rd6 29. g5 hxg5 30. fxg5 Rc5 31. Rxd6 Nxd6 32. Bf4 Ne4 33. g6 f6 34. Rd7 Bf8 35. h6 gxh6 36. Rd8 Kg7 37. Nd7 Be7 38. Re8 Rf5 39. Rxe7+ Kxg6 40. Nf8+ Kh5 41. Nxe6 1-0

[Event "CHN-ch U14"]
[Site "Shenzhen"]
[Date "2023.08.01"]
[Round "10"]
[White "Yang, Siyuan"]
[Black "Lu, Yifan"]
[Result "1-0"]
[WhiteElo "1667"]
[BlackElo "1509"]
[PlyCount "95"]
[EventDate "2023.07.28"]
[EventType "swiss"]
[EventRounds "11"]
[EventCountry "CHN"]
[SourceTitle "CBM 215 Extra"]
[Source "ChessBase"]
[SourceDate "2023.09.30"]
[SourceVersion "1"]
[SourceVersionDate "2023.09.30"]
[SourceQuality "1"]

1. Nf3 d5 2. d4 Nf6 3. g3 e6 4. Bg2 Be7 5. 0-0 0-0 6. c4 dxc4 7. Nbd2 c5 8. Nxc4 Nc6 9. dxc5 Qxd1 10. Rxd1 Bxc5 11. Nfe5 Ne7 12. Nd3 Bb6 13. Nxb6 axb6 14. Ne5 Ned5 15. a3 b5 16. e4 Ne7 17. Bf4 Nh5 18. Be3 Re8 19. Bf1 f6 20. Bxb5 Kf8 21. Bxe8 Kxe8 22. Nc4 g5 23. Rac1 Nc6 24. Nb6 Rb8 25. Bc5 e5 26. Bd6 Bg4 27. Bxb8 Bxd1 28. Rxd1 Nxb8 29. Nd5 Kf7 30. Rc1 Nc6 31. b4 Ng7 32. b5 Nd4 33. Rc7+ Kg6 34. Rxb7 h5 35. Kg2 h4 36. b6 g4 37. gxh4 Nf3 38. Rxg7+ Kxg7 39. b7 Nd2 40. b8Q Nxe4 41. a4 f5 42. a5 f4 43. Qxe5+ Kh6 44. Qxf4+ Kh7 45. Qxe4+ Kg7 46. a6 Kh6 47. a7 Kg7 48. a8Q 1-0

[Event "CHN-chTB"]
[Site "Hefei"]
[Date "2023.04.22"]
[Round "9"]
[White "Lu, Yifan"]
[Black "Jiang, Liu"]
[Result "0-1"]
[WhiteElo "1476"]
[BlackElo "1626"]
[PlyCount "164"]
[EventDate "2023.04.17"]
[EventType "team-swiss"]
[EventRounds "9"]
[EventCountry "CHN"]
[SourceTitle "EXT 2024"]
[Source "ChessBase"]
[SourceDate "2023.10.10"]
[SourceVersion "1"]
[SourceVersionDate "2023.10.10"]
[SourceQuality "1"]
[WhiteTeam "Xiamen Xiaqiyizu"]
[BlackTeam "Heilongjiang"]
[WhiteTeamCountry "CHN"]
[BlackTeamCountry "CHN"]

1. e4 c6 2. d4 d5 3. Nc3 dxe4 4. Nxe4 Bf5 5. Ng3 Bg6 6. h4 h6 7. Nf3 Nd7 8. h5 Bh7 9. Bd3 Bxd3 10. Qxd3 e6 11. Bf4 Qa5+ 12. Bd2 Qc7 13. 0-0-0 Ngf6 14. Ne4 Nxe4 15. Qxe4 Nf6 16. Qe2 Bd6 17. Kb1 0-0-0 18. c4 Rhe8 19. Bc3 c5 20. g3 cxd4 21. Nxd4 a6 22. Rd2 Bc5 23. Rhd1 Bxd4 24. Bxd4 e5 25. Bc3 Rxd2 26. Rxd2 Qc6 27. Rd1 Qe4+ 28. Qxe4 Nxe4 29. Rd5 Nxc3+ 30. bxc3 f6 31. Kc2 Kc7 32. Kd3 f5 33. Ke3 Kc6 34. a4 b6 35. f3 Re6 36. g4 fxg4 37. fxg4 e4 38. g5 hxg5 39. Rxg5 Re7 40. Rf5 a5 41. Rf4 Re5 42. Rf7 Rxh5 43. Rxg7 Re5 44. Kd4 Re6 45. Rg3 e3 46. Rxe3 Rd6+ 47. Ke5 Kc5 48. Rg3 Rd1 49. Rg8 Re1+ 50. Kf5 Kxc4 51. Rb8 Rb1 52. Ke5 Kxc3 53. Kd5 Rb4 54. Kc6 Kb3 55. Rh8 Kxa4 56. Rh3 Rb3 57. Rh4+ Ka3 58. Kb7 b5 59. Ka6 a4 60. Ka5 b4 61. Rh1 Rg3 62. Ra1+ Kb2 63. Rxa4 b3 64. Rb4 Kc2 65. Rh4 b2 66. Rh2+ Kb3 67. Rh1 Rc3 68. Kb5 Rc1 69. Rh3+ Kc2 70. Rh2+ Kc3 71. Rh3+ Kd4 72. Rh4+ Ke5 73. Rh5+ Kf6 74. Rh6+ Kg7 75. Rh4 b1Q+ 76. Rb4 Qxb4+ 77. Kxb4 Kf6 78. Ka3 Rb1 79. Ka4 Ke6 80. Ka5 Kd5 81. Ka6 Kc5 82. Ka5 Ra1# 0-1